Modern compiler design
Αποθηκεύτηκε σε:
| Κύριος συγγραφέας: | |
|---|---|
| Μορφή: | Βιβλίο |
| Γλώσσα: | English |
| Δημοσίευση: |
Chichester :
John wiley & Sons,
c2000
|
| Σειρά: | Worldwide series in computer science
|
| Θέματα: | |
| Ετικέτες: |
Προσθήκη ετικέτας
Δεν υπάρχουν, Καταχωρήστε ετικέτα πρώτοι!
|
MARC
| LEADER | 00000nam a2200000 i 4500 | ||
|---|---|---|---|
| 001 | 1/79805 | ||
| 008 | 050701s2000 eng d | ||
| 020 | |a 0-471-97697-0 | ||
| 035 | |l 10078856 | ||
| 040 | |a GR-MY-UA |b gre |e aacr | ||
| 041 | 0 | |a eng | |
| 082 | 0 | |a 005.453 |2 (22) | |
| 100 | 1 | |a Grune, Dick |d 1939- | |
| 245 | 1 | 0 | |a Modern compiler design / |c Dick Grune, Henri E. Bal, Ceriel J. H. Jacobs, Koen G. Langendoen |
| 260 | |a Chichester : |b John wiley & Sons, |c c2000 | ||
| 300 | |a 736 σ.; |c 24 εκ. | ||
| 490 | 1 | |a Worldwide series in computer science | |
| 504 | |a Βιβλιογραφία: σ. 720-727. Ευρετήριο | ||
| 650 | 0 | 0 | |a Compilers (Computer programs) |
| 830 | 0 | |a Worldwide series in computer science | |
| 852 | |a INST |b SYROS |e 20050701 |h 005.453 MOD |p 005500004278 |q 005500004278 |t BK |y 0 | ||
| 901 | |a BIBL5-2005-2 | ||
| 909 | |a Ε |b 111636 | ||
| 920 | |a ΔΙΕΥΡΥΝΣΗ |b ΕΠΕΑΕΚ-ΤΜΣΠΣ |y ΣΥΡΟΣ |z 2004-10 | ||
| 970 | |a ΤΣΟΥΚΑΛΑ |b ΑΛΙΚΗ |z 2005/07/01 | ||